000 00585nam a2200181Ia 4500
008 090630s9999 xx 000 0 und d
082 _b27292
100 _aवाळिंबे शरदचंद्र.
245 _aक्ष.
_cवाळिंबे शरदचंद्र.
260 _bअमोल - पुणे.
_c2006
300 _a261
600 _aवाळिंबे शरदचंद्र.
630 _aक्ष.
655 _aकादंबरी.
700 _aवाळिंबे शरदचंद्र.
730 _aक्ष.
942 _cBOOK
999 _c279148
_d279148